[Event "EU-ch (Women) 25th"]
[Site "Rhodes"]
[Date "2025.04.04"]
[Round "5"]
[White "Atalik, Ekaterina"]
[Black "Gaboyan, Susanna"]
[Result "1/2-1/2"]
[WhiteElo "2371"]
[BlackElo "2200"]
[PlyCount "101"]
[EventDate "2025.03.31"]
[EventType "swiss"]
[EventRounds "11"]
[EventCountry "GRE"]
[SourceTitle "CB16_2025"]
[SourceDate "2025.04.16"]
[SourceVersion "1"]
[SourceVersionDate "2025.04.16"]
[SourceQuality "1"]

1. d4 d5 2. c4 e6 3. Nc3 Nf6 4. cxd5 exd5 5. Bg5 Be7 6. e3 0-0 7. Bd3 Re8 8. h3 c6 9. Nge2 Nbd7 10. 0-0 Ne4 11. Bxe7 Qxe7 12. Bxe4 dxe4 13. Ng3 Nf6 14. Qc2 h5 15. f3 exf3 16. Rxf3 h4 17. Nf5 Bxf5 18. Qxf5 Rad8 19. Raf1 Rd6 20. a3 Re6 21. Nd1 Rf8 22. Qg5 Ne4 23. Qxe7 Rxe7 24. Re1 f5 25. Nc3 Nd2 26. Rf2 Nc4 27. Rfe2 Rfe8 28. Kf2 Nd6 29. Rg1 Ne4+ 30. Nxe4 Rxe4 31. Kf3 Kf7 32. Rd1 f4 33. d5 Rxe3+ 34. Rxe3 fxe3 35. Ke2 cxd5 36. Rxd5 Re7 37. Rd4 g5 38. Rb4 Kf6 39. Rb5 b6 40. a4 Re4 41. a5 bxa5 42. Rxa5 Rb4 43. Kxe3 Rxb2 44. Kf3 Rb3+ 45. Kf2 Rb7 46. Kf3 Kg6 47. Ra6+ Kh5 48. Kf2 Rb2+ 49. Kg1 Rb1+ 50. Kf2 Rb2+ 51. Kg1 1/2-1/2

[Event "EU-ch rapid (Women)"]
[Site "Monaco"]
[Date "2025.01.12"]
[Round "8"]
[White "Piddubna, Bozhena"]
[Black "Atalik, Ekaterina"]
[Result "0-1"]
[WhiteElo "2152"]
[BlackElo "2395"]
[PlyCount "88"]
[EventDate "2025.01.11"]
[EventType "swiss (rapid)"]
[EventRounds "11"]
[EventCountry "MNC"]
[SourceTitle "CB03_2025"]
[SourceDate "2025.01.15"]
[SourceVersion "1"]
[SourceVersionDate "2025.01.15"]
[SourceQuality "1"]

1. d4 d5 2. Nf3 Nf6 3. c4 c6 4. g3 Bf5 5. Nc3 e6 6. Nh4 Bg4 7. f3 Bh5 8. Qb3 Qd7 9. g4 Bg6 10. Nxg6 hxg6 11. e4 dxe4 12. g5 Nh5 13. Nxe4 f5 14. gxf6 gxf6 15. Be3 f5 16. Ng5 Bh6 17. Rg1 Na6 18. 0-0-0 0-0-0 19. Be2 Qe7 20. h4 Nc7 21. Kb1 Kb8 22. Qa4 a6 23. Qb3 f4 24. Bf2 Ng3 25. Bxg3 fxg3 26. Ne4 Bf4 27. Nc5 Ne8 28. Nxa6+ Kc8 29. Nc5 e5 30. Na4 exd4 31. Bd3 Rh6 32. Be4 Nd6 33. Rge1 Be3 34. Nb6+ Kc7 35. Bd3 g2 36. c5 Nc8 37. Nc4 g1Q 38. Rxg1 Bxg1 39. Rxg1 Qxc5 40. Rc1 Rxh4 41. Be4 d3 42. Nd2 Qxc1+ 43. Kxc1 Rh1+ 44. Nf1 d2+ 0-1

[Event "EU-ch rapid (Women)"]
[Site "Monaco"]
[Date "2025.01.11"]
[Round "1"]
[White "Atalik, Ekaterina"]
[Black "Uta, Adeline Ramona"]
[Result "1/2-1/2"]
[WhiteElo "2395"]
[BlackElo "2028"]
[PlyCount "111"]
[EventDate "2025.01.11"]
[EventType "swiss (rapid)"]
[EventRounds "11"]
[EventCountry "MNC"]
[SourceTitle "CB03_2025"]
[SourceDate "2025.01.15"]
[SourceVersion "1"]
[SourceVersionDate "2025.01.15"]
[SourceQuality "1"]

1. d4 c5 2. dxc5 Qa5+ 3. Nc3 Qxc5 4. e4 d6 5. Nf3 Nf6 6. Be3 Qb4 7. a3 Qa5 8. Bb5+ Bd7 9. Bxd7+ Nbxd7 10. 0-0 g6 11. Nd4 Bg7 12. f3 0-0 13. Qe2 Rac8 14. Rad1 Ne5 15. Nb3 Qd8 16. Nd2 a6 17. h3 b5 18. f4 Nc4 19. Nxc4 Rxc4 20. e5 Ne8 21. Qf3 b4 22. axb4 Rxb4 23. b3 Rb8 24. Ne4 d5 25. Nc5 Nc7 26. Qe2 Qc8 27. Ra1 Ra8 28. Ra4 Nb5 29. Qf2 e6 30. Rfa1 Rd8 31. c4 d4 32. cxb5 dxe3 33. Qxe3 Bf8 34. Ne4 a5 35. Kh2 Qc7 36. b6 Qc6 37. Rxa5 Rxa5 38. Rxa5 Rb8 39. Ra7 Qxb6 40. Qxb6 Rxb6 41. Ng5 Rxb3 42. Nxf7 Bc5 43. Nh6+ Kh8 44. Ra8+ Kg7 45. Ng4 h5 46. Nf6 Be3 47. g3 h4 48. Ng4 hxg3+ 49. Kxg3 Bd2+ 50. Kg2 Bxf4 51. Ra7+ Kf8 52. Rh7 Rb5 53. Rh8+ Kf7 54. Rh7+ Kf8 55. Rh8+ Kf7 56. Rh7+ 1/2-1/2

[Event "EU-ch blitz (Women)"]
[Site "Monaco"]
[Date "2025.01.10"]
[Round "13"]
[White "Atalik, Ekaterina"]
[Black "Tsolakidou, Stavroula"]
[Result "0-1"]
[WhiteElo "2395"]
[BlackElo "2451"]
[PlyCount "126"]
[EventDate "2025.01.10"]
[EventType "swiss (blitz)"]
[EventRounds "13"]
[EventCountry "MNC"]
[SourceTitle "CB03_2025"]
[SourceDate "2025.01.15"]
[SourceVersion "1"]
[SourceVersionDate "2025.01.15"]
[SourceQuality "1"]

1. d4 Nf6 2. Nc3 d5 3. Bf4 g6 4. Nb5 Na6 5. e3 Bg7 6. Nf3 0-0 7. Be2 c6 8. Na3 Nc7 9. 0-0 Nh5 10. Be5 Ne8 11. Bxg7 Kxg7 12. Ne5 Nhf6 13. c4 Ne4 14. Bd3 f6 15. Nf3 Bg4 16. Re1 N8d6 17. c5 Nf7 18. h3 Bxf3 19. gxf3 Neg5 20. f4 Ne4 21. Bxe4 dxe4 22. Qc2 Qd5 23. Qc4 Qf5 24. Kh2 g5 25. Rg1 Kh8 26. Qe2 gxf4 27. Qg4 Qxg4 28. Rxg4 fxe3 29. Rxe4 exf2 30. Rf1 e5 31. Rxf2 Ng5 32. Rg4 e4 33. Nc4 Nf3+ 34. Rxf3 exf3 35. Nd6 Rad8 36. Kg3 Rd7 37. Kxf3 Rg8 38. b4 Rxg4 39. Kxg4 Kg7 40. Kf4 Kg6 41. Nf5 Kf7 42. a4 Ke6 43. Ke4 Rd5 44. Nd6 b6 45. cxb6 axb6 46. Nc4 c5 47. dxc5 bxc5 48. bxc5 Rxc5 49. Kd4 Rh5 50. a5 Rxh3 51. a6 Rh1 52. Kc5 Ra1 53. Kb5 Rxa6 54. Kxa6 h5 55. Kb5 Kd5 56. Ne3+ Ke4 57. Nf1 h4 58. Kc4 f5 59. Kc3 Kf3 60. Kd2 Kf2 61. Ne3 f4 62. Ng4+ Kg3 63. Ne5 h3 0-1

[Event "EU-ch blitz (Women)"]
[Site "Monaco"]
[Date "2025.01.10"]
[Round "3"]
[White "Injac, Teodora"]
[Black "Atalik, Ekaterina"]
[Result "0-1"]
[WhiteElo "2453"]
[BlackElo "2395"]
[PlyCount "72"]
[EventDate "2025.01.10"]
[EventType "swiss (blitz)"]
[EventRounds "13"]
[EventCountry "MNC"]
[SourceTitle "CB03_2025"]
[SourceDate "2025.01.15"]
[SourceVersion "1"]
[SourceVersionDate "2025.01.15"]
[SourceQuality "1"]

1. Nf3 d5 2. g3 Nf6 3. Bg2 c5 4. 0-0 Nc6 5. d3 e5 6. Na3 Be7 7. e4 0-0 8. c3 Re8 9. Re1 Bf8 10. Bg5 d4 11. c4 h6 12. Bd2 g6 13. Rf1 Bg7 14. Nh4 g5 15. Nf5 Bxf5 16. exf5 e4 17. dxe4 Nxe4 18. Re1 Nd6 19. Rxe8+ Qxe8 20. Nb5 Qd7 21. Nxd6 Qxd6 22. Qh5 Re8 23. h4 gxh4 24. Qxh4 b6 25. Qh5 d3 26. Bd5 Rf8 27. Re1 Nd4 28. Re4 Qf6 29. g4 Nf3+ 30. Kg2 Nxd2 31. Re3 b5 32. Rxd3 Nxc4 33. Bxc4 bxc4 34. Rg3 Qg5 35. Qh1 Be5 36. Rh3 Qxg4+ 0-1

[Event "ROM-chT (Women)"]
[Site "Mamaia"]
[Date "2024.09.30"]
[Round "1.1"]
[White "Raeva, Elitsa"]
[Black "Atalik, Ekaterina"]
[Result "0-1"]
[WhiteElo "2185"]
[BlackElo "2381"]
[PlyCount "98"]
[EventDate "2024.09.30"]
[EventType "team-tourn"]
[EventRounds "7"]
[EventCountry "ROU"]
[SourceTitle "EXT 2025"]
[Source "ChessBase"]
[SourceDate "2024.10.14"]
[SourceVersion "1"]
[SourceVersionDate "2024.10.14"]
[SourceQuality "1"]
[WhiteTeam "Arnia ChessIT (W)"]
[BlackTeam "Bucuresti ASE (W)"]
[WhiteTeamCountry "ROU"]
[BlackTeamCountry "ROU"]

1. c4 Nf6 2. Nc3 e5 3. g3 Bb4 4. Bg2 0-0 5. e4 Bxc3 6. dxc3 d6 7. Qe2 a5 8. Nf3 Na6 9. 0-0 Nc5 10. Ne1 Be6 11. Nc2 Re8 12. Rd1 Qb8 13. Bg5 Nfd7 14. b3 f6 15. Bd2 c6 16. Ne3 Qc7 17. Be1 Red8 18. f4 Rab8 19. f5 Bf7 20. g4 b5 21. cxb5 Rxb5 22. Qd2 Nb7 23. Bf1 Rb6 24. Nc4 Bxc4 25. Bxc4+ Kh8 26. b4 d5 27. exd5 c5 28. bxa5 Rd6 29. Bb5 c4 30. Bf2 Nxa5 31. Qe3 Nb6 32. Qc5 Qxc5 33. Bxc5 Rxd5 34. Rxd5 Rxd5 35. Bxb6 Rxb5 36. Bxa5 Rxa5 37. Rb1 h5 38. Rb4 Rxa2 39. Rxc4 h4 40. h3 Kh7 41. g5 fxg5 42. Rc6 Rc2 43. Rc7 Kg8 44. c4 e4 45. c5 e3 46. Kf1 g4 47. Re7 gxh3 48. Rxe3 Rc1+ 49. Ke2 h2 0-1

[Event "Olympiad Women-45"]
[Site "Budapest"]
[Date "2024.09.18"]
[Round "7.1"]
[White "Narva, Mai"]
[Black "Atalik, Ekaterina"]
[Result "0-1"]
[WhiteElo "2420"]
[BlackElo "2381"]
[PlyCount "78"]
[EventDate "2024.09.11"]
[EventType "team-swiss"]
[EventRounds "11"]
[EventCountry "HUN"]
[SourceTitle "EXT 2025"]
[Source "ChessBase"]
[SourceDate "2024.10.14"]
[SourceVersion "1"]
[SourceVersionDate "2024.10.14"]
[SourceQuality "1"]
[WhiteTeam "Estonia (W)"]
[BlackTeam "Turkey (W)"]
[WhiteTeamCountry "EST"]
[BlackTeamCountry "TUR"]

1. d4 d5 2. Nf3 Nf6 3. e3 e6 4. Bd3 Bd6 5. b3 0-0 6. Bb2 b6 7. 0-0 Bb7 8. Nbd2 Ne4 9. c4 Nd7 10. a3 a5 11. Qc2 f5 12. Rac1 Qe7 13. cxd5 exd5 14. Bb5 Ndf6 15. Ne5 Rac8 16. a4 c5 17. Qd3 Nxd2 18. Qxd2 Ne4 19. Qe2 Bxe5 20. dxe5 Ng5 21. f4 Ne6 22. Rcd1 Rc7 23. Rd2 g5 24. fxg5 Qxg5 25. Rf3 Kh8 26. Rg3 Qh4 27. Bd3 c4 28. bxc4 dxc4 29. Bc2 c3 30. Bxc3 Rxc3 31. Rd7 Be4 32. Bd1 Rc7 33. Rxc7 Nxc7 34. Qb2 Ne6 35. Qxb6 f4 36. exf4 Qxf4 37. Bf3 Qc1+ 38. Kf2 Qd2+ 39. Kg1 Qe1# 0-1

[Event "Olympiad Women-45"]
[Site "Budapest"]
[Date "2024.09.14"]
[Round "4.4"]
[White "Osmak, Iulija"]
[Black "Atalik, Ekaterina"]
[Result "1/2-1/2"]
[WhiteElo "2471"]
[BlackElo "2381"]
[PlyCount "72"]
[EventDate "2024.09.11"]
[EventType "team-swiss"]
[EventRounds "11"]
[EventCountry "HUN"]
[SourceTitle "EXT 2025"]
[Source "ChessBase"]
[SourceDate "2024.10.14"]
[SourceVersion "1"]
[SourceVersionDate "2024.10.14"]
[SourceQuality "1"]
[WhiteTeam "Ukraine (W)"]
[BlackTeam "Turkey (W)"]
[WhiteTeamCountry "UKR"]
[BlackTeamCountry "TUR"]

1. c4 c6 2. Nf3 d5 3. g3 Nf6 4. Bg2 g6 5. b3 Bg7 6. Bb2 0-0 7. 0-0 Bg4 8. d3 Nbd7 9. Nbd2 Re8 10. Ne5 Nxe5 11. Bxe5 Qd7 12. Re1 Nh5 13. Bxg7 Kxg7 14. b4 Nf6 15. Qc2 e5 16. Qb2 Rad8 17. Rac1 h5 18. h4 dxc4 19. Nxc4 Qd4 20. Rc2 Bf5 21. Na5 Re7 22. a3 e4 23. dxe4 Nxe4 24. Qxd4+ Rxd4 25. Rc4 Rxc4 26. Nxc4 Nc3 27. e3 Rd7 28. Bf1 Ne4 29. Be2 c5 30. bxc5 Nxc5 31. Rd1 Rxd1+ 32. Bxd1 Be6 33. Be2 Ne4 34. Bd3 Nc5 35. Be2 Ne4 36. Bd3 Nc5 1/2-1/2

[Event "Olympiad Women-45"]
[Site "Budapest"]
[Date "2024.09.13"]
[Round "3.16"]
[White "Atalik, Ekaterina"]
[Black "Alinasab, Mobina"]
[Result "0-1"]
[WhiteElo "2381"]
[BlackElo "2336"]
[PlyCount "84"]
[EventDate "2024.09.11"]
[EventType "team-swiss"]
[EventRounds "11"]
[EventCountry "HUN"]
[SourceTitle "EXT 2025"]
[Source "ChessBase"]
[SourceDate "2024.10.14"]
[SourceVersion "1"]
[SourceVersionDate "2024.10.14"]
[SourceQuality "1"]
[WhiteTeam "Turkey (W)"]
[BlackTeam "Iran (W)"]
[WhiteTeamCountry "TUR"]
[BlackTeamCountry "IRI"]

1. d4 Nf6 2. c4 e6 3. Nc3 Bb4 4. a3 Bxc3+ 5. bxc3 d6 6. e3 c5 7. Bd3 Nc6 8. Nf3 e5 9. Nd2 exd4 10. cxd4 cxd4 11. exd4 Qe7+ 12. Kf1 Nxd4 13. Bb2 Ne6 14. Qf3 Nc5 15. Re1 Be6 16. Bc2 0-0-0 17. Qg3 Nh5 18. Qf3 Qh4 19. g3 Qh3+ 20. Kg1 Rhe8 21. Re3 Nf6 22. Bxf6 gxf6 23. Qxf6 d5 24. Nf3 Ne4 25. Qf4 f5 26. Nd4 dxc4 27. Nb5 Rd7 28. f3 a6 29. Na7+ Kd8 30. fxe4 Rd2 31. Rd3+ Rxd3 32. Bxd3 cxd3 33. Kf2 fxe4 34. Qd6+ Bd7 35. Rc1 Qxh2+ 36. Ke3 Qe2+ 37. Kd4 Qf2+ 38. Kd5 Qf7+ 39. Kd4 Qf2+ 40. Kd5 Qf5+ 41. Kd4 Qe5+ 42. Qxe5 Rxe5 0-1

[Event "TUR-chT"]
[Site "Ankara"]
[Date "2024.07.19"]
[Round "7.23"]
[White "Salimova, Nurgyul"]
[Black "Atalik, Ekaterina"]
[Result "1-0"]
[WhiteElo "2449"]
[BlackElo "2388"]
[PlyCount "95"]
[EventDate "2024.07.14"]
[EventType "team-tourn"]
[EventRounds "15"]
[EventCountry "TUR"]
[SourceTitle "EXT 2025"]
[Source "ChessBase"]
[SourceDate "2024.10.14"]
[SourceVersion "1"]
[SourceVersionDate "2024.10.14"]
[SourceQuality "1"]
[WhiteTeam "Aquamatch Deniz"]
[BlackTeam "Gokturk"]
[WhiteTeamCountry "TUR"]
[BlackTeamCountry "TUR"]

1. d4 Nf6 2. Nf3 c5 3. e3 cxd4 4. exd4 d5 5. Ne5 Nc6 6. c3 g6 7. Bb5 Bd7 8. Nxd7 Qxd7 9. 0-0 Bg7 10. Nd2 a6 11. Bd3 0-0 12. Re1 Nh5 13. Nf3 Qc7 14. Be3 Rfe8 15. Bf1 Rad8 16. g3 Na5 17. Ne5 f6 18. Nd3 f5 19. Bg5 Bf6 20. Bxf6 Nxf6 21. Nf4 Qb6 22. Qa4 Nc6 23. Qb3 Qxb3 24. axb3 Ne4 25. Red1 g5 26. Nd3 Kf7 27. b4 g4 28. Bg2 e6 29. h3 h5 30. h4 Ne7 31. Bxe4 fxe4 32. Nc5 Rb8 33. Nd7 Rbc8 34. Ra5 Nf5 35. b5 Ke7 36. Nb6 Rc7 37. bxa6 bxa6 38. Rxa6 e3 39. fxe3 Nxg3 40. c4 Rd8 41. c5 Nf5 42. Rda1 Nxh4 43. Ra7 Rxa7 44. Rxa7+ Kf6 45. c6 Nf3+ 46. Kf2 Rg8 47. c7 Kg5 48. Ra8 1-0

[Event "TUR-chT"]
[Site "Ankara"]
[Date "2024.07.17"]
[Round "5.17"]
[White "Seker, Bilgesu"]
[Black "Atalik, Ekaterina"]
[Result "0-1"]
[WhiteElo "1894"]
[BlackElo "2388"]
[PlyCount "80"]
[EventDate "2024.07.14"]
[EventType "team-tourn"]
[EventRounds "15"]
[EventCountry "TUR"]
[SourceTitle "EXT 2025"]
[Source "ChessBase"]
[SourceDate "2024.10.14"]
[SourceVersion "1"]
[SourceVersionDate "2024.10.14"]
[SourceQuality "1"]
[WhiteTeam "Beyazkale Dernegi"]
[BlackTeam "Gokturk"]
[WhiteTeamCountry "TUR"]
[BlackTeamCountry "TUR"]

1. e4 c6 2. d4 d5 3. Nd2 dxe4 4. Nxe4 Bf5 5. Ng3 Bg6 6. h4 h6 7. Nf3 e6 8. Ne5 Bh7 9. Bd3 Bxd3 10. Qxd3 Nd7 11. Qe2 Ngf6 12. Bd2 Be7 13. 0-0-0 0-0 14. Ne4 Nxe4 15. Qxe4 Nf6 16. Qd3 c5 17. dxc5 Qc7 18. f4 Qxc5 19. g4 Rfd8 20. Qb3 Qd5 21. c4 Qc5 22. Be3 Qc7 23. g5 Nd5 24. gxh6 Bf6 25. hxg7 b5 26. Bd2 bxc4 27. Qg3 c3 28. Bxc3 Nxc3 29. Qxc3 Qb7 30. Kb1 Qe4+ 31. Qc2 Qxf4 32. Nd3 Qh6 33. Qg2 Rab8 34. b3 Bxg7 35. Rhg1 Kh8 36. Qg5 Qh7 37. Rg3 Rd5 38. Qd2 Rbd8 39. Qc2 e5 40. Nb2 Rxd1+ 0-1

[Event "EU-ch (Women) 24th"]
[Site "Rhodes"]
[Date "2024.04.22"]
[Round "4"]
[White "Gajcin, Marina"]
[Black "Atalik, Ekaterina"]
[Result "1/2-1/2"]
[WhiteElo "2224"]
[BlackElo "2406"]
[PlyCount "36"]
[EventDate "2024.04.19"]
[EventType "swiss"]
[EventRounds "10"]
[EventCountry "GRE"]
[SourceTitle "CBM 219 Extra"]
[Source "ChessBase"]
[SourceDate "2024.05.31"]
[SourceVersion "1"]
[SourceVersionDate "2024.05.31"]
[SourceQuality "1"]

1. e4 c6 2. d4 d5 3. Nc3 dxe4 4. Nxe4 Bf5 5. Ng3 Bg6 6. h4 h6 7. Nf3 e6 8. h5 Bh7 9. Bd3 Bxd3 10. Qxd3 Nf6 11. Bd2 Be7 12. 0-0-0 0-0 13. Kb1 c5 14. Ne4 Nc6 15. Nxf6+ Bxf6 16. dxc5 Qxd3 17. cxd3 Rfd8 18. Bc3 Rd5 1/2-1/2